Statistics for NBA Players from Utah State

Click here to take the quiz!

General Stats

  • This quiz has been taken 4 times
    (2 since last reset)
  • The average score is 3 of 9

Answer Stats

PositionPlayerDraft Year% Correct
CNeemias Queta2021
100%
SGSam Merrill2020
100%
GFNate Williams1971
50%
SGBetram Cook1952
0%
FDesmond Penigar2003
0%
SGGlenn Hansen1975
0%
FMarv Roberts1971
0%
GPat Dunn1956
0%
FShaler Hamilon1968
0%

Score Distribution

Percentile by Number Answered

Percent of People with Each Score

Your Score History

You have not taken this quiz since the last reset